Statistics for Top Five European Countries by Category #2

Click here to take the quiz!

General Stats

  • This quiz has been taken 10,965 times
    (10,952 since last reset)
  • The average score is 21 of 25

Answer Stats

CategoryCountry% Correct
Most Nobel Prizes (3), Largest Wine Production (1)France
98%
Most Nobel Prizes (1)United Kingdom
98%
Most Nobel Prizes (4), Most Forested (4)Sweden
96%
Most Nobel Prizes (2), Lowest Birth Rates (3), Largest Wine Production (4)Germany
96%
Richest (4)Norway
95%
Largest Wine Production (2), Highest Life Expectancy (5)Italy
95%
Largest Wine Production (3), Most Forested (5)Spain
94%
Richest (5), Most Nobel Prizes (5), Highest Life Expectancy (4)Switzerland
91%
Richest (3), Lowest Birth Rates (2), Highest Life Expectancy (1)Monaco
91%
Most Forested (1)Finland
90%
Richest (2)Luxembourg
88%
Muslim Population (2), Poorest (5)Albania
87%
Largest Wine Production (5)Portugal
87%
Richest (1)Liechtenstein
85%
Poorest (1)Moldova
82%
Muslim Population (3), Poorest (4)Bosnia and Herzegovina
82%
Poorest (2)Ukraine
81%
Muslim Population (1), Poorest (3)Kosovo
80%
Highest Life Expectancy (2)San Marino
79%
Muslim Population (5)Bulgaria
77%
Lowest Birth Rates (4), Highest Life Expectancy (3)Andorra
75%
Lowest Birth Rates (1)Vatican City
75%
Muslim Population (4)Montenegro
72%
Most Forested (2)Estonia
70%
Lowest Birth Rates (5), Most Forested (3)Slovenia
69%

Score Distribution

Percentile by Number Answered

Percent of People with Each Score

Your Score History

You have not taken this quiz since the last reset